[Event "Asian Open Men"]
[Site "Ho Chi Minh"]
[Date "2012.05.06"]
[Round "2.30"]
[White "Tu, Hoang Thai"]
[Black "Kuderinov, Kirill"]
[Result "0-1"]
[WhiteElo "2295"]
[BlackElo "2493"]
[PlyCount "216"]
[EventDate "2012.05.05"]
[EventRounds "9"]
[EventCountry "VIE"]

1. e4 e5 2. Nf3 Nc6 3. Bc4 Bc5 4. O-O Nf6 5. d3 d6 6. h3 Na5 7. Bb3 Nxb3 8.
axb3 c6 9. Nc3 O-O 10. Be3 Bxe3 11. fxe3 Re8 12. Qe1 d5 13. exd5 Nxd5 14. Ra4
f6 15. Rh4 Be6 16. Nd2 b5 17. Nd1 Ne7 18. Qe2 Nf5 19. Rg4 h5 20. Rg6 Bf7 21.
Qxh5 Ne7 22. Rfxf6 Bxg6 23. Rxg6 Nxg6 24. Qxg6 Qf6 25. Qe4 a5 26. Nc3 Rf8 27.
Nf3 Rae8 28. h4 Re6 29. Kf2 Qf5 30. Qxf5 Rxf5 31. Ne4 Rf8 32. Ke2 Re7 33. Nc5
Kh7 34. Ne4 Kg6 35. g4 Kf7 36. h5 Kg8 37. Nh4 Ra7 38. Nf5 a4 39. b4 Rff7 40.
Ng5 Rfc7 41. Ne6 Rc8 42. Nc5 Re8 43. Ne4 a3 44. bxa3 Rxa3 45. h6 gxh6 46. Nf6+
Kf7 47. Nxe8 Kxe8 48. Kd2 Ra1 49. Nxh6 Rg1 50. e4 Rg3 51. Kc3 Rg2 52. Kb3 Ke7
53. Kc3 Kf6 54. Ng8+ Kf7 55. Nh6+ Ke6 56. Kb3 Rf2 57. Kc3 Rf6 58. Nf5 Rg6 59.
Ne3 Kf6 60. Kd2 Kg5 61. Kc3 Kf4 62. Nf5 Kxg4 63. Kd2 Kf4 64. Kc3 Rf6 65. Kd2
Rf7 66. Kc3 Rh7 67. Kb3 Kf3 68. Kc3 Ke2 69. Ng3+ Kd1 70. Nf5 Kc1 71. Ne3 Ra7
72. Kb3 Rg7 73. Nf5 Rd7 74. Ne3 Kd2 75. Nf1+ Ke2 76. Ng3+ Kd1 77. Nf5 Kd2 78.
Nh4 Re7 79. Nf3+ Ke3 80. Nh4 Kd2 81. Nf3+ Ke2 82. Nh4 Re6 83. Nf5 Rf6 84. Kc3
Rf7 85. Ng3+ Kf3 86. Nf5 Rh7 87. Kb3 Kf2 88. Kb2 Ke1 89. Kc3 Ke2 90. Ng3+ Kd1
91. Nf5 Kc1 92. Ne3 Rh2 93. Kb3 Rh4 94. Kc3 Rf4 95. Nf5 Rf2 96. Ne3 Re2 97. Ng4
Rxc2+ 98. Kb3 Kd2 99. Nxe5 Rc1 100. Kb2 Rc3 101. d4 Rc4 102. Kb3 Rxd4 103. Nxc6
Rxe4 104. Na5 Re3+ 105. Kb2 Kd3 106. Kb3 Re1 107. Kb2 Rh1 108. Nc6 Kc4 0-1

[Event "Asian Open Men"]
[Site "Ho Chi Minh"]
[Date "2012.05.06"]
[Round "2.31"]
[White "Wan, Yunguo"]
[Black "Tran, Quoc Dung"]
[Result "1/2-1/2"]
[WhiteElo "2456"]
[BlackElo "2303"]
[PlyCount "159"]
[EventDate "2012.05.05"]
[EventRounds "9"]
[EventCountry "VIE"]

1. e4 c5 2. Nf3 Nc6 3. d4 cxd4 4. Nxd4 g6 5. Nc3 Bg7 6. Be3 Nf6 7. Bc4 Qa5 8.
O-O O-O 9. Bb3 d6 10. h3 Bd7 11. Re1 Rac8 12. Nf3 Qc7 13. Nd5 Nxd5 14. exd5 Ne5
15. Nxe5 dxe5 16. Qd2 b6 17. a4 a5 18. f4 Qd6 19. Kh1 e4 20. c4 Rb8 21. Qc2
Rfc8 22. Rac1 f5 23. Red1 Bf6 24. Qd2 Be8 25. g4 h5 26. g5 Bg7 27. h4 Kh7 28.
Kg2 Bd7 29. Kg3 Rc7 30. Bd4 Bxd4 31. Qxd4 Be8 32. Qe5 Rd8 33. Qxd6 exd6 34. Kf2
Rdc8 35. Rc3 Kg7 36. Rdc1 Kf8 37. Ke3 Ke7 38. Kd4 Ra7 39. Bd1 Rc5 40. Rb1 Kd8
41. Rg3 Rac7 42. b3 Ra7 43. Rb2 Bf7 44. Bxh5 gxh5 45. g6 Bg8 46. Rg5 Rg7 47.
Rbg2 Ke7 48. Rxf5 Be6 49. Rxh5 Kf6 50. Rh7 Rxg6 51. Rxg6+ Kxg6 52. Rb7 Bf5 53.
Rxb6 Rc8 54. Rxd6+ Kh5 55. Rf6 Kg4 56. Rf7 Kxf4 57. c5 Re8 58. d6 e3 59. d7 Rd8
60. c6 e2 61. Re7 Kf3 62. Kc3 Be4 63. Kd2 Bxc6 64. Re3+ Kf4 65. Rxe2 Rxd7+ 66.
Kc3 Be4 67. b4 Rc7+ 68. Kd4 Bf3 69. Rb2 Rb7 70. Kc5 Bd1 71. Rd2 Bxa4 72. bxa5
Rb5+ 73. Kc4 Rh5 74. Kb4 Bb5 75. Rd6 Be2 76. Re6 Kf3 77. a6 Rb5+ 78. Ka4 Rb1
79. Rxe2 Kxe2 80. Ka5 1/2-1/2

[Event "Asian Open Men"]
[Site "Ho Chi Minh"]
[Date "2012.05.06"]
[Round "2.32"]
[White "Farid, Firman Syah"]
[Black "Nguyen, Huynh Minh Huy"]
[Result "1/2-1/2"]
[WhiteElo "2285"]
[BlackElo "2442"]
[PlyCount "96"]
[EventDate "2012.05.05"]
[EventRounds "9"]
[EventCountry "VIE"]

1. e4 c5 2. Nf3 e6 3. d3 Nc6 4. Nbd2 g6 5. g3 Bg7 6. Bg2 Nge7 7. O-O O-O 8. Re1
d6 9. Nf1 h6 10. c3 e5 11. Bd2 Be6 12. b4 cxb4 13. cxb4 a6 14. a4 b5 15. Ra3
Qb8 16. Ne3 Rd8 17. Qe2 d5 18. exd5 Nxd5 19. Nxd5 Bxd5 20. Bc3 bxa4 21. Rxa4
Qb7 22. Qb2 Rab8 23. Qa1 Nd4 24. Bxd4 exd4 25. Nh4 g5 26. Bxd5 Qxd5 27. Ng2
Rdc8 28. h4 Rc3 29. hxg5 hxg5 30. Rxa6 Rxd3 31. Ra5 Qd8 32. Qc1 Bf6 33. Qc2 Rc3
34. Qf5 Rc6 35. Rd5 Qc8 36. Qxc8+ Rcxc8 37. b5 Rc3 38. Rb1 Kf8 39. b6 Rb7 40.
Ne1 g4 41. Kf1 Rc6 42. Rdb5 Bd8 43. Nd3 Rcxb6 44. Rxb6 Rxb6 45. Rxb6 Bxb6 46.
Ne5 Ke7 47. Nxg4 Ke6 48. Ke2 f5 1/2-1/2

[Event "Asian Open Men"]
[Site "Ho Chi Minh"]
[Date "2012.05.06"]
[Round "2.35"]
[White "Ferdiman, Tersiman"]
[Black "Sapar, Emelbek"]
[Result "1/2-1/2"]
[WhiteElo "2009"]
[BlackElo "2380"]
[PlyCount "88"]
[EventDate "2012.05.05"]
[EventRounds "9"]
[EventCountry "VIE"]

1. e4 c5 2. Nf3 d6 3. d4 cxd4 4. Nxd4 Nf6 5. Nc3 e6 6. Bg5 Be7 7. f4 h6 8. Bxf6
Bxf6 9. Ndb5 Be7 10. Qg4 O-O 11. O-O-O Qb6 12. Rd3 Nc6 13. Nxd6 Nb4 14. Rg3 g5
15. e5 Qf2 16. Bd3 f5 17. Qf3 Qxf3 18. gxf3 Kh8 19. Bb5 a6 20. Nxc8 Raxc8 21.
Bd7 Rc4 22. fxg5 Bxg5+ 23. Kb1 Rc5 24. a3 Nc6 25. Bxe6 Rxe5 26. Bd5 Rd8 27.
Bxc6 bxc6 28. h4 Bd2 29. Rd1 Rd4 30. Rdg1 Re1+ 31. Rxe1 Bxe1 32. Rg6 Bxc3 33.
bxc3 Rxh4 34. Rxc6 Kg7 35. Rxa6 Rf4 36. a4 h5 37. a5 h4 38. Rd6 Ra4 39. a6 h3
40. Rd7+ Kg6 41. Rd8 Kg7 42. Rd7+ Kg6 43. Rd8 Kg7 44. Rd7+ Kg6 1/2-1/2

[Event "Asian Open Men"]
[Site "Ho Chi Minh"]
[Date "2012.05.06"]
[Round "2.36"]
[White "Ton, That Nhu Tung"]
[Black "Tan, Weiliang"]
[Result "1-0"]
[WhiteElo "2144"]
[BlackElo "2222"]
[PlyCount "95"]
[EventDate "2012.05.05"]
[EventRounds "9"]
[EventCountry "VIE"]

1. d4 d5 2. c4 c6 3. Nf3 Nf6 4. e3 e6 5. Bd3 dxc4 6. Bxc4 b5 7. Be2 Bb7 8. O-O
Be7 9. b3 O-O 10. Bb2 a6 11. Nbd2 Nbd7 12. a4 Qb6 13. Bd3 c5 14. Qe2 Bc6 15.
axb5 axb5 16. Rfc1 Qb7 17. Ne5 Nxe5 18. dxe5 Rxa1 19. Bxa1 Nd7 20. f4 Rd8 21.
Nf3 Nf8 22. e4 c4 23. bxc4 bxc4 24. Bc2 Qa7+ 25. Kh1 Qa3 26. Rf1 Qa2 27. Nd4
Ba4 28. Bd3 Qxe2 29. Bxe2 Bc5 30. Nf3 Bb3 31. Bc3 Be3 32. g3 Bc2 33. Kg2 Bxe4
34. Bxc4 Rc8 35. Re1 Bxf3+ 36. Kxf3 Bxf4 37. Re4 Bc1 38. Bb4 Ng6 39. Bd6 Bb2
40. Bb5 Rc3+ 41. Kg2 Rc2+ 42. Be2 Rd2 43. h4 f5 44. Rb4 Rxe2+ 45. Kf1 Rh2 46.
Rb8+ Kf7 47. h5 Nxe5 48. Rf8# 1-0

[Event "Asian Open Men"]
[Site "Ho Chi Minh"]
[Date "2012.05.07"]
[Round "3.1"]
[White "Gomez, John Paul"]
[Black "Yu, Yangyi"]
[Result "0-1"]
[WhiteElo "2507"]
[BlackElo "2626"]
[PlyCount "56"]
[EventDate "2012.05.05"]
[EventRounds "9"]
[EventCountry "VIE"]

1. d4 Nf6 2. c4 e6 3. g3 Bb4+ 4. Bd2 Be7 5. Bg2 d5 6. Nf3 O-O 7. O-O c6 8. Qc2
b6 9. Rd1 Nbd7 10. Bf4 Ba6 11. Ne5 Nxe5 12. dxe5 Nh5 13. Bc1 f5 14. cxd5 cxd5
15. Nc3 Qe8 16. b3 Rc8 17. Bb2 f4 18. Bf3 fxg3 19. hxg3 Bc5 20. b4 Bxb4 21. Rd4
Bc5 22. Rh4 Rf5 23. Qa4 Bxe2 24. Qxe8+ Rxe8 25. Bxe2 Nxg3 26. Rh2 d4 27. Bd3
dxc3 28. Bxf5 exf5 0-1

[Event "Asian Open Men"]
[Site "Ho Chi Minh"]
[Date "2012.05.07"]
[Round "3.2"]
[White "Liu, Qingnan"]
[Black "Gundavaa, Bayarsaikhan"]
[Result "1-0"]
[WhiteElo "2483"]
[BlackElo "2516"]
[PlyCount "83"]
[EventDate "2012.05.05"]
[EventRounds "9"]
[EventCountry "VIE"]

1. e4 c5 2. Nc3 d6 3. f4 g6 4. Nf3 Bg7 5. Bb5+ Bd7 6. a4 Nc6 7. O-O a6 8. Bc4
Nh6 9. d3 O-O 10. Qe1 e6 11. f5 Nd4 12. Qg3 Nhxf5 13. exf5 Nxf5 14. Qf2 b6 15.
Bg5 Qc7 16. Rae1 d5 17. Bxd5 exd5 18. Nxd5 Qc6 19. c4 f6 20. Bd2 Kh8 21. b4
Rad8 22. a5 b5 23. bxc5 bxc4 24. dxc4 Be8 25. Bc3 Bf7 26. g4 Bxd5 27. cxd5 Rxd5
28. gxf5 Rxf5 29. Qe3 Rh5 30. Bd4 Qc7 31. Qc3 Qc6 32. Qc4 Rd5 33. Rb1 Rf5 34.
Qc3 Qe4 35. c6 Rxf3 36. Qxf3 Qxd4+ 37. Kh1 f5 38. c7 Be5 39. Rfc1 Qd2 40. Qg2
Qd7 41. Qc6 Qd2 42. Rc2 1-0

[Event "Asian Open Men"]
[Site "Ho Chi Minh"]
[Date "2012.05.07"]
[Round "3.4"]
[White "Cao, Sang"]
[Black "Ghaem, Maghami Ehsan"]
[Result "1/2-1/2"]
[WhiteElo "2513"]
[BlackElo "2579"]
[PlyCount "61"]
[EventDate "2012.05.05"]
[EventRounds "9"]
[EventCountry "VIE"]

1. e4 c5 2. Nc3 a6 3. Nf3 e6 4. g3 b5 5. Bg2 Bb7 6. d3 d6 7. O-O Be7 8. Re1 Nd7
9. d4 b4 10. Nb1 Ngf6 11. Nbd2 cxd4 12. Nxd4 Qb6 13. N4b3 Rc8 14. a3 bxa3 15.
Rxa3 d5 16. Ra1 Qc7 17. Qe2 Nxe4 18. Nxe4 dxe4 19. Bxe4 Bxe4 20. Qxe4 Qxc2 21.
Qxc2 Rxc2 22. Rxa6 Rc8 23. Be3 Ne5 24. Re2 O-O 25. Bd4 Nc6 26. Bc3 Rfd8 27. Ra4
Rb8 28. Nd4 Nxd4 29. Rxd4 Rxd4 30. Bxd4 Rc8 31. Bc3 1/2-1/2

[Event "Asian Open Men"]
[Site "Ho Chi Minh"]
[Date "2012.05.07"]
[Round "3.8"]
[White "Wen, Yang"]
[Black "Xiu, Deshun"]
[Result "1/2-1/2"]
[WhiteElo "2550"]
[BlackElo "2494"]
[PlyCount "59"]
[EventDate "2012.05.05"]
[EventRounds "9"]
[EventCountry "VIE"]

1. d4 Nf6 2. c4 e6 3. g3 c5 4. Nf3 cxd4 5. Nxd4 Bb4+ 6. Bd2 Bc5 7. Nb3 Be7 8.
Bg2 O-O 9. Ba5 Qe8 10. Nc3 Nc6 11. Bc7 d5 12. cxd5 exd5 13. O-O Be6 14. Rc1 Qd7
15. Bf4 Rac8 16. Qd2 Rfd8 17. Rfd1 h6 18. Qe1 Qe8 19. Be3 Ng4 20. Bd4 Nxd4 21.
Nxd4 Bb4 22. a3 Ba5 23. e3 Nf6 24. Nb3 Bb6 25. h3 Rc4 26. Bf1 Rcc8 27. Bg2 Rc4
28. Bf1 Rcc8 29. Bg2 Rc4 30. Bf1 1/2-1/2

[Event "Asian Open Men"]
[Site "Ho Chi Minh"]
[Date "2012.05.07"]
[Round "3.9"]
[White "Wang, Chen"]
[Black "Sethuraman, S P."]
[Result "0-1"]
[WhiteElo "2482"]
[BlackElo "2546"]
[PlyCount "94"]
[EventDate "2012.05.05"]
[EventRounds "9"]
[EventCountry "VIE"]

1. e4 c5 2. Nf3 d6 3. Bb5+ Nd7 4. O-O Ngf6 5. Re1 a6 6. Bxd7+ Nxd7 7. c3 e6 8.
d4 Be7 9. a4 O-O 10. Bf4 b6 11. dxc5 Nxc5 12. b4 e5 13. bxc5 exf4 14. cxb6 Qxb6
15. Qd4 Rb8 16. Nbd2 Be6 17. e5 dxe5 18. Qxe5 Bf6 19. Qxf4 Bxc3 20. Rab1 Qd8
21. Rxb8 Qxb8 22. Qe3 Bb4 23. Ra1 h6 24. Ne4 Bf5 25. Ng3 Re8 26. Qd4 Be6 27.
Rb1 a5 28. Nh5 f6 29. Rd1 Bf8 30. Nf4 Bf7 31. Nd5 Qb3 32. Rd3 Qb7 33. h4 Qc6
34. Nc3 Bb4 35. Nb5 Qc1+ 36. Kh2 Qc2 37. Nd6 Rd8 38. Qb6 Rxd6 39. Rxd6 Bxd6+
40. Qxd6 Qxa4 41. Nd4 Qb4 42. Qd8+ Qf8 43. Qb6 a4 44. Qa7 a3 45. Nf5 a2 46. h5
Qe8 47. Ne7+ Qxe7 0-1

[Event "Asian Open Men"]
[Site "Ho Chi Minh"]
[Date "2012.05.07"]
[Round "3.13"]
[White "Novita, Anjas"]
[Black "Lu, Shanglei"]
[Result "1-0"]
[WhiteElo "2304"]
[BlackElo "2522"]
[PlyCount "73"]
[EventDate "2012.05.05"]
[EventRounds "9"]
[EventCountry "VIE"]

1. e4 c5 2. Nf3 d6 3. d4 cxd4 4. Nxd4 Nf6 5. Nc3 g6 6. Be3 Bg7 7. f3 Nc6 8. Qd2
O-O 9. Bc4 Bd7 10. O-O-O Ne5 11. Bb3 Rc8 12. h4 h5 13. Bg5 Rc5 14. g4 hxg4 15.
f4 Nc4 16. Qe2 Qc8 17. Bxf6 exf6 18. h5 gxh5 19. f5 Ne5 20. Nd5 Re8 21. Rxh5
Bc6 22. Qh2 Bxd5 23. exd5 Rc4 24. Ne6 fxe6 25. dxe6 Qc5 26. Rh1 Kf8 27. Bxc4
Qxc4 28. Kb1 Qd4 29. Rh8+ Bxh8 30. Qxh8+ Ke7 31. Qg7+ Kd8 32. Qxb7 Qc5 33. e7+
Rxe7 34. Rh8+ Re8 35. Qb8+ Kd7 36. Qxe8+ Kc7 37. Qb8+ 1-0

[Event "Asian Open Men"]
[Site "Ho Chi Minh"]
[Date "2012.05.07"]
[Round "3.14"]
[White "Qu, Yanqiao"]
[Black "Megaranto, Susanto"]
[Result "0-1"]
[WhiteElo "2159"]
[BlackElo "2517"]
[PlyCount "66"]
[EventDate "2012.05.05"]
[EventRounds "9"]
[EventCountry "VIE"]

1. Nf3 Nf6 2. c4 g6 3. b3 Bg7 4. Bb2 O-O 5. g3 c6 6. Bg2 d5 7. O-O Bg4 8. d3
Bxf3 9. Bxf3 Nbd7 10. Nd2 e6 11. Bg2 Qe7 12. Rc1 Nh5 13. Bxg7 Nxg7 14. Nf3 a5
15. d4 Nf5 16. Re1 Nd6 17. c5 Ne4 18. Nd2 f5 19. f4 g5 20. e3 Nxd2 21. Qxd2 g4
22. a3 h5 23. Bf1 h4 24. Bd3 Kf7 25. b4 axb4 26. axb4 Rh8 27. Ra1 hxg3 28. hxg3
Rh3 29. Kg2 Qf8 30. Rxa8 Qh6 31. Ra2 Rh2+ 32. Kf1 Rxd2 33. Rxd2 Qh1+ 0-1

[Event "Asian Open Men"]
[Site "Ho Chi Minh"]
[Date "2012.05.07"]
[Round "3.16"]
[White "Laylo, Darwin"]
[Black "Nguyen, Ngoc Truong Son"]
[Result "1/2-1/2"]
[WhiteElo "2502"]
[BlackElo "2656"]
[PlyCount "61"]
[EventDate "2012.05.05"]
[EventRounds "9"]
[EventCountry "VIE"]

1. d4 Nf6 2. Nf3 g6 3. c4 Bg7 4. Nc3 O-O 5. g3 c5 6. d5 d6 7. Bg2 e6 8. O-O
exd5 9. cxd5 Na6 10. Nd2 Nc7 11. a4 b6 12. Nc4 Ba6 13. Na3 Qd7 14. Bd2 Ng4 15.
h3 Ne5 16. b3 f5 17. f4 Nf7 18. Re1 Rae8 19. Nc4 Kh8 20. Qc2 Nh6 21. Rad1 b5
22. axb5 Nxb5 23. e3 Nxc3 24. Bxc3 Bxc4 25. bxc4 Bxc3 26. Qxc3+ Qg7 27. Qxg7+
Kxg7 28. Ra1 Re7 29. e4 fxe4 30. Rxe4 Rff7 31. Ra6 1/2-1/2

[Event "Asian Open Men"]
[Site "Ho Chi Minh"]
[Date "2012.05.07"]
[Round "3.19"]
[White "Zhou, Jianchao"]
[Black "Nguyen, Van Hai"]
[Result "1-0"]
[WhiteElo "2609"]
[BlackElo "2341"]
[PlyCount "57"]
[EventDate "2012.05.05"]
[EventRounds "9"]
[EventCountry "VIE"]

1. c4 Nf6 2. Nc3 d5 3. cxd5 Nxd5 4. g3 g6 5. Bg2 Nxc3 6. bxc3 Bg7 7. Rb1 O-O 8.
h4 Nc6 9. h5 Qd6 10. d4 Rb8 11. hxg6 hxg6 12. Bh6 Bxh6 13. Rxh6 Kg7 14. Qd2 Qf6
15. Nf3 Bf5 16. Rb5 b6 17. Nh4 Bd7 18. Rg5 e6 19. Nxg6 fxg6 20. Rhxg6+ Qxg6 21.
Be4 Ne7 22. Bxg6 Nxg6 23. g4 Rf6 24. Qe3 Rbf8 25. f3 Bc6 26. Kd2 Bd5 27. a3 Kf7
28. Rh5 Ke8 29. Rxd5 1-0

[Event "Asian Open Men"]
[Site "Ho Chi Minh"]
[Date "2012.05.07"]
[Round "3.20"]
[White "Kuderinov, Kirill"]
[Black "Gopal, G N."]
[Result "1-0"]
[WhiteElo "2493"]
[BlackElo "2562"]
[PlyCount "87"]
[EventDate "2012.05.05"]
[EventRounds "9"]
[EventCountry "VIE"]

1. Nf3 d5 2. d4 Nf6 3. c4 c6 4. Nc3 e6 5. cxd5 exd5 6. Bg5 Be7 7. e3 Bf5 8. Bd3
Bxd3 9. Qxd3 Nbd7 10. O-O O-O 11. Rab1 a5 12. Rfe1 Ne4 13. Bf4 f5 14. Ne5 Nxe5
15. Bxe5 Bd6 16. f4 Qe7 17. Nxe4 fxe4 18. Qe2 Rf7 19. Rf1 Raf8 20. a3 h6 21.
Qd2 Ra8 22. Rf2 Kh7 23. Rbf1 a4 24. Qd1 Kg8 25. h3 Bxe5 26. fxe5 Rxf2 27. Rxf2
c5 28. Qg4 cxd4 29. exd4 Re8 30. Rf6 Rd8 31. Rxh6 e3 32. Rf6 e2 33. Kf2 Re8 34.
Rf4 Qc7 35. Qxe2 Qc1 36. Kg3 Re6 37. Qg4 Rc6 38. Kh2 Rg6 39. Qf5 Qe3 40. Qf7+
Kh7 41. Rh4+ Rh6 42. Rg4 Rxh3+ 43. gxh3 Qd2+ 44. Rg2 1-0

[Event "Asian Open Men"]
[Site "Ho Chi Minh"]
[Date "2012.05.07"]
[Round "3.22"]
[White "Paragua, Mark"]
[Black "Ton, That Nhu Tung"]
[Result "1-0"]
[WhiteElo "2521"]
[BlackElo "2144"]
[PlyCount "35"]
[EventDate "2012.05.05"]
[EventRounds "9"]
[EventCountry "VIE"]

1. e4 c6 2. d4 d5 3. e5 Bf5 4. Nf3 e6 5. Be2 c5 6. Be3 Nc6 7. dxc5 Qc7 8. c3
Nge7 9. Qa4 Ng6 10. Na3 Ngxe5 11. Nxe5 Qxe5 12. Nb5 Be4 13. Nd4 Qc7 14. Bb5 Kd7
15. Bf4 Qc8 16. Nxc6 bxc6 17. Ba6 Qd8 18. Bb7 1-0

[Event "Asian Open Men"]
[Site "Ho Chi Minh"]
[Date "2012.05.07"]
[Round "3.25"]
[White "Sapar, Emelbek"]
[Black "Dao, Thien Hai"]
[Result "0-1"]
[WhiteElo "2380"]
[BlackElo "2514"]
[PlyCount "114"]
[EventDate "2012.05.05"]
[EventRounds "9"]
[EventCountry "VIE"]

1. c4 e5 2. Nc3 Nc6 3. Nf3 Nf6 4. g3 Bc5 5. Nxe5 Bxf2+ 6. Kxf2 Nxe5 7. e4 c5 8.
h3 d6 9. d3 O-O 10. Bg2 Be6 11. Kg1 a6 12. a4 Nfd7 13. Kh2 Nb8 14. Be3 Nbc6 15.
b3 Qa5 16. Ne2 Bg4 17. Bd2 Bxe2 18. Qxe2 Qb6 19. Rab1 Nd4 20. Qe3 a5 21. Bc3
Nec6 22. Rb2 Rae8 23. Rf1 Qd8 24. g4 Qe7 25. Kh1 Qe5 26. Qe1 Ra8 27. Rf5 Qe7
28. Rf1 Rfe8 29. Rbf2 Rf8 30. Qd1 Ra6 31. Rb2 Rb6 32. Rb1 Re8 33. Rb2 h6 34.
Be1 Qe5 35. Bc3 Qg5 36. Bd2 Qd8 37. Bc3 Re6 38. Rbf2 Re7 39. Rb2 Qd7 40. Be1
Re6 41. Bc3 Qe7 42. Be1 Rf6 43. Rxf6 Qxf6 44. Rf2 Qe7 45. Rb2 Qf6 46. Rf2 Qe5
47. Bc3 Qg3 48. Rb2 Ne5 49. Bxa5 Nef3 50. Bxf3 Nxf3 51. Qf1 Rxb3 52. Be1 Qe5
53. Rc2 Nxe1 54. Qxe1 Rxd3 55. Kg2 Rd4 56. Rb2 Rxe4 57. Qf2 Rxc4 0-1

[Event "Asian Open Men"]
[Site "Ho Chi Minh"]
[Date "2012.05.07"]
[Round "3.26"]
[White "Torre, Eugenio"]
[Black "Hamdani, Rudin"]
[Result "1/2-1/2"]
[WhiteElo "2496"]
[BlackElo "2322"]
[PlyCount "123"]
[EventDate "2012.05.05"]
[EventRounds "9"]
[EventCountry "VIE"]

1. d4 d5 2. Bf4 c6 3. e3 Nf6 4. Bd3 g6 5. h3 Bg7 6. Nf3 O-O 7. c4 c5 8. Nc3 Nc6
9. dxc5 Qa5 10. O-O dxc4 11. Bxc4 Qxc5 12. Qe2 e5 13. Bg3 h6 14. Rac1 Qe7 15.
Rfd1 a6 16. e4 Re8 17. Nd5 Qd6 18. Nf4 Nd4 19. Nxd4 exf4 20. Ne6 Qb6 21. Nxf4
Nxe4 22. Nd5 Qxb2 23. Rc2 Qa3 24. Nc7 Bf5 25. Nxa8 Rxa8 26. Rd3 Qf8 27. Rc1 Rc8
28. Bf4 g5 29. Rd5 Bg6 30. Bd2 b5 31. Bb3 Rxc1+ 32. Bxc1 Nc3 33. Qd2 Nxd5 34.
Qxd5 Qe8 35. Bd2 Qe4 36. f4 gxf4 37. Qxe4 Bxe4 38. Bxf4 Bd4+ 39. Kf1 Kg7 40. g4
a5 41. a4 Bc6 42. axb5 Bxb5+ 43. Ke1 Bc6 44. Ke2 a4 45. Ba2 Be4 46. Bc1 Bf6 47.
Bc4 Be7 48. Ke3 Bb1 49. Bb2+ Kg6 50. Kd2 a3 51. Kc1 Be4 52. Bd4 Bg5+ 53. Kd1
Bb1 54. Bc3 f5 55. gxf5+ Kxf5 56. Bg8 a2 57. Bb2 Bf4 58. Bh7+ Ke6 59. Bg8+ Kd6
60. Bf7 h5 61. Bxh5 Be5 62. Kc1 1/2-1/2

[Event "Asian Open Men"]
[Site "Ho Chi Minh"]
[Date "2012.05.07"]
[Round "3.29"]
[White "Tu, Hoang Thong"]
[Black "Farid, Firman Syah"]
[Result "1/2-1/2"]
[WhiteElo "2434"]
[BlackElo "2285"]
[PlyCount "99"]
[EventDate "2012.05.05"]
[EventRounds "9"]
[EventCountry "VIE"]

1. d4 d6 2. Nf3 Nd7 3. g3 e5 4. Bg2 Ngf6 5. O-O Be7 6. b3 e4 7. Ng5 d5 8. c4 c6
9. Qc2 h6 10. Nh3 O-O 11. f3 exf3 12. exf3 Re8 13. Bb2 Nf8 14. Nd2 Bd6 15. Nf2
h5 16. Rfe1 h4 17. g4 Ng6 18. c5 Bc7 19. Nf1 Nh7 20. Nh3 Bd7 21. Rxe8+ Qxe8 22.
Qf2 f5 23. Ne3 fxg4 24. Nxg4 Qc8 25. Qe2 Bf5 26. Kh1 Qd7 27. Rg1 Re8 28. Qd2
Bxg4 29. fxg4 Nf6 30. Qg5 Bb8 31. Qxg6 Qc7 32. Bxd5+ cxd5 33. Qc2 Re3 34. Qg2
Ne4 35. Rf1 Qxh2+ 36. Qxh2 Bxh2 37. Kxh2 Re2+ 38. Kg1 Rxb2 39. Rf5 Nc3 40. Nf4
Rxa2 41. g5 h3 42. g6 h2+ 43. Kh1 Ne4 44. Nh5 Ra6 45. Rxd5 Rxg6 46. Kxh2 Nd2
47. b4 Nf3+ 48. Kh3 Ng1+ 49. Kh2 Nf3+ 50. Kh3 1/2-1/2

[Event "Asian Open Men"]
[Site "Ho Chi Minh"]
[Date "2012.05.07"]
[Round "3.30"]
[White "Pham, Chuong"]
[Black "Goh, Wei Ming Kevin"]
[Result "1-0"]
[WhiteElo "2349"]
[BlackElo "2426"]
[PlyCount "109"]
[EventDate "2012.05.05"]
[EventRounds "9"]
[EventCountry "VIE"]

1. d4 Nf6 2. Nf3 g6 3. g3 Bg7 4. Bg2 d5 5. O-O O-O 6. b3 c6 7. Bb2 a5 8. Nbd2
a4 9. c4 Qa5 10. Qc1 b5 11. cxb5 cxb5 12. bxa4 bxa4 13. Bc3 Qa7 14. Ne5 Ba6 15.
Re1 Rc8 16. Qa3 e6 17. e3 Nbd7 18. Nxd7 Nxd7 19. Rec1 Bb5 20. Bb4 Qa6 21. Rxc8+
Rxc8 22. Rc1 Rc6 23. Nb1 Nb6 24. Rxc6 Bxc6 25. Bc5 Nd7 26. Bd6 Nb6 27. Qb4 Qb5
28. Qxb5 Bxb5 29. Nc3 Bc6 30. Bf1 Bf8 31. Bxf8 Kxf8 32. Bd3 Ke7 33. Kf1 Kd6 34.
Ke2 Nc4 35. Bxc4 dxc4 36. e4 e5 37. dxe5+ Kxe5 38. Ke3 f5 39. f4+ Kd6 40. exf5
gxf5 41. Kd4 Bd7 42. a3 Bc6 43. Kxc4 h5 44. Nb5+ Kd7 45. Kb4 Ke7 46. Kc5 Be4
47. Nc3 Bc2 48. Nd5+ Ke6 49. Nc7+ Kd7 50. Nb5 Be4 51. Nd6 Bb1 52. Kd5 Bd3 53.
Ke5 Kc6 54. Nxf5 Kc5 55. Nd6 1-0

[Event "Asian Open Men"]
[Site "Ho Chi Minh"]
[Date "2012.05.07"]
[Round "3.31"]
[White "Tran, Quoc Dung"]
[Black "Wahono, Awam"]
[Result "1-0"]
[WhiteElo "2303"]
[BlackElo "2405"]
[PlyCount "73"]
[EventDate "2012.05.05"]
[EventRounds "9"]
[EventCountry "VIE"]

1. d4 Nf6 2. c4 d6 3. Nc3 Nbd7 4. e4 e5 5. Nge2 g6 6. f3 Bg7 7. Be3 a6 8. Qd2
O-O 9. d5 Ne8 10. g4 c5 11. Ng3 Nc7 12. a4 b6 13. h4 Re8 14. h5 Nf8 15. Bd3 Bd7
16. Kf2 Rb8 17. b3 Rb7 18. Rag1 Kh8 19. Bh6 Bf6 20. g5 Bg7 21. Bxg7+ Kxg7 22.
hxg6 fxg6 23. Nf5+ Bxf5 24. exf5 b5 25. f6+ Kg8 26. axb5 axb5 27. cxb5 Qd7 28.
Ne4 Rd8 29. Nc3 Ra8 30. Qe2 Ra3 31. Bc4 Na8 32. Ra1 Rxa1 33. Rxa1 Nb6 34. Ne4
Nc8 35. Ra6 Qh3 36. Ke3 Nd7 37. Ra8 1-0

[Event "Asian Open Men"]
[Site "Ho Chi Minh"]
[Date "2012.05.07"]
[Round "3.32"]
[White "Garcia, Jan Emmanuel"]
[Black "Ferdiman, Tersiman"]
[Result "1-0"]
[WhiteElo "2399"]
[BlackElo "2009"]
[PlyCount "88"]
[EventDate "2012.05.05"]
[EventRounds "9"]
[EventCountry "VIE"]

1. c4 e5 2. g3 Nc6 3. Bg2 f5 4. Nc3 Nf6 5. e3 d6 6. d3 Bd7 7. Nge2 Be7 8. Rb1
O-O 9. b4 Kh8 10. O-O a6 11. a4 Qe8 12. b5 axb5 13. axb5 Na5 14. f4 e4 15. dxe4
Nxc4 16. exf5 Bxf5 17. e4 Bc8 18. Qd3 Nb6 19. Be3 Nfd7 20. Nd5 Nxd5 21. Qxd5
Nf6 22. Qd2 Ng4 23. Bd4 Be6 24. h3 Nh6 25. f5 Nxf5 26. exf5 Bxf5 27. Rb3 c6 28.
bxc6 bxc6 29. Qc3 Bf6 30. Rxf5 Qxe2 31. Bxf6 gxf6 32. Rxf6 Kg8 33. Rxf8+ Rxf8
34. Rb7 Qf2+ 35. Kh2 Rf7 36. Qc4 d5 37. Rxf7 Kxf7 38. Qxc6 d4 39. Qf3+ Qxf3 40.
Bxf3 Kf6 41. Kg2 Ke5 42. Kf2 Kf5 43. Ke2 Kg5 44. Kd3 h5 1-0

[Event "Asian Open Men"]
[Site "Ho Chi Minh"]
[Date "2012.05.07"]
[Round "3.34"]
[White "Li, Hanbin"]
[Black "Le, Quang Long"]
[Result "0-1"]
[WhiteElo "2289"]
[BlackElo "2351"]
[PlyCount "92"]
[EventDate "2012.05.05"]
[EventRounds "9"]
[EventCountry "VIE"]

1. e4 c6 2. d4 d5 3. e5 Bf5 4. Nf3 e6 5. Be2 Ne7 6. O-O c5 7. Be3 Nec6 8. dxc5
Nd7 9. Nd4 Nxd4 10. Bxd4 Bxc5 11. Bxc5 Nxc5 12. Bb5+ Kf8 13. Qd4 Qb6 14. Nc3
Rc8 15. a4 Kg8 16. a5 Qc7 17. b4 a6 18. bxc5 Qxc5 19. Qxc5 Rxc5 20. Bd3 Bxd3
21. cxd3 Rxc3 22. Rfc1 Rxc1+ 23. Rxc1 g5 24. Rc7 Kg7 25. h4 gxh4 26. Rxb7 Rc8
27. Rb6 Rc3 28. Rxa6 Rxd3 29. Ra8 Ra3 30. a6 Ra1+ 31. Kh2 Kg6 32. g4 hxg3+ 33.
Kxg3 Kf5 34. Rf8 Kxe5 35. Rxf7 Rxa6 36. Rxh7 Ke4 37. Rh4+ Kd3 38. Rh6 d4 39.
Kf3 Rd6 40. Rh8 Kc2 41. Rc8+ Kd1 42. Kg2 d3 43. Kf1 d2 44. f3 Rd3 45. Kf2 Rd6
46. Rc7 e5 0-1